00764nam a2200217 i 4500001000300000100002500003245010000028246003800128260003000166300003400196500004000230504002400270650002500294650003600319020001500355040000800370041001100378080001800389008004100407856009800448bg1 aROTHÉ, Jean-Pierre10aTrzęsienia ziemi i wulkany /cJean-Pierre Rothé ; przekł. [z franc.] Magdaleny Kapełuś. iTyt. oryg.:aSéismes et volcans aWarszawa :bAGADE,c1998. a122, [5] s. :brys. ;c19 cm. aOryg.: "Séismes et volcans" 1984. aBibliogr. s. [124]. 9aWulkanyxzagadnienia 9aTrzęsienie ziemixzagadnienia a8387111066 cBPK1 aplhfr a550.34:551.21 s pl f |000 0 pol  uhttp://koha.tu.koszalin.pl/cgi-bin/koha/opac-detail.pl?biblionumber=33992yKatalog online BPK